000 00477nam a22001577a 4500
005 20241126070205.0
008 241126b |||||||| |||| 00| 0 eng d
041 _aEnglish/Afrikaans
082 _a349 SUI
100 _lEnglish/Afrikaans
245 _aSuid-Afrikaanse Hofverslae /
_cAF Russell
260 _aJohannesburg:
_bDigma Publications,
_c1973
300 _bxxxiv, 416 pages;
_c25 cm.
650 _aLegal practice
_bLaw
942 _cBK
_6ALISON_BN_VRIES
999 _c3262
_d3262